00261nam a2200109Ia 4500008004100000100001400041245003200055260002400087650001600111942000700127999001700134190216s9999||||xx |||||||||||||| ||und|| aNarayanan 0aVector Algebra And Analysis bViswanathan Pvt.Ltd aMathematics cBK c30572d30572